Obras completas
Guardat en:
| Format: | Llibre |
|---|---|
| Idioma: | espanyol |
| Publicat: |
Madrid
Revista de Occidente
1960
|
| Matèries: | |
| Etiquetes: |
Afegir etiqueta
Sense etiquetes, Sigues el primer a etiquetar aquest registre!
|
MARC
| LEADER | 00000nam a2200000 a 4500 | ||
|---|---|---|---|
| 001 | UCY8793 | ||
| 003 | CL-VaPUC | ||
| 005 | 20221119074310.0 | ||
| 008 | 950707e19600000SP |||||||||||||||||spa|d | ||
| 999 | |c 235995 |d 235993 | ||
| 040 | |c Pontificia Universidad Católica de Valparaíso | ||
| 082 | 0 | 4 | |a 196.1 |b ORT |2 21 |
| 245 | 1 | 0 | |a Obras completas |
| 260 | |a Madrid |b Revista de Occidente |c 1960 | ||
| 300 | |a v | ||
| 583 | |a last modification |c 19950707 00:00:00 |k Rodrigo Vera | ||
| 650 | 0 | |a Filosofía española |9 254895 | |
| 942 | |c BK |2 ddc | ||
| 945 | |d 19950707 00:00:00 |a aalvarez | ||
| 952 | |0 0 |1 0 |4 0 |6 196_100000000000000_ORT_1960 |7 0 |8 A |9 243792 |a BIBEDU |b BIBEDU |d 2019-11-18 |h v.8 |i 3289915 |o 196.1 ORT 1960 |p 3289915 |r 2019-11-18 |w 2019-11-18 |y BK |k FIL | ||